Normal view
MARC view
- Syed Muhammad Abu- Al-Khair Kashfee
Entry Personal Name
001 - CONTROL NUMBER
- control field: 66087
003 - CONTROL NUMBER IDENTIFIER
- control field: NUST
005 - DATE AND TIME OF LATEST TRANSACTION
- control field: 20210628203532.0
008 - FIXED-LENGTH DATA ELEMENTS
- fixed length control field: 210628|| aca||aabn | a|a d
040 ## - CATALOGING SOURCE
- Original cataloging agency: NUST
- Transcribing agency: NUST
100 ## - HEADING--PERSONAL NAME
- Personal name: Syed Muhammad Abu- Al-Khair Kashfee
670 ## - SOURCE DATA FOUND
- Source citation: Work cat.: (NUST): Syed Muhammad Abu- Al-Khair Kashfee, Hayat-e- muhammad peace be upon him, quran hakeem key aynee may, 2006
